Bidhan chandra Roy (Record no. 138155)

MARC details
000 -LEADER
fixed length control field 00575nam a22001937a 4500
005 - DATE AND TIME OF LATEST TRANSACTION
control field 20230501151706.0
010 ## - LCCN (DPL NO)
LC control number ENG-117442
020 ## - INTERNATIONAL STANDARD BOOK NUMBER
International Standard Book Number 9789382623298
Terms of availability 250.00
035 ## - SYSTEM CONTROL NUMBER
System control number EN-100974
037 ## - SOURCE OF ACQUISITION
Source of stock number/acquisition DBAD/PUB
082 ## - DEWEY DECIMAL CLASSIFICATION NUMBER
Classification number 921
100 ## - MAIN ENTRY--PERSONAL NAME
Personal name Palit, Chittabrata
245 ## - TITLE STATEMENT
Title Bidhan chandra Roy
Statement of responsibility, etc by Chittabrata Palit [and] Subrata Nandi
260 ## - PUBLICATION, DISTRIBUTION, ETC. (IMPRINT)
Place of publication, distribution, etc Delhi
Name of publisher, distributor, etc Tandrita Chandra Readers Service
Date of publication, distribution, etc 2013
270 ## - ADDRESS
Address 59/5A, Garfa Main Road,
City Kolkata
Postal code 700075
300 ## - PHYSICAL DESCRIPTION
Extent 104p
Dimensions 24cm(Hb)
700 ## - ADDED ENTRY--PERSONAL NAME
Personal name Nandi, Subrata
942 ## - ADDED ENTRY ELEMENTS (KOHA)
Source of classification or shelving scheme Dewey Decimal Classification
Item type English Books
Call number suffix PAL
Classification part 921
Holdings
Withdrawn status Lost status Not for loan Collection code Home library Current library Date acquired Source of acquisition Cost, normal purchase price Full call number Barcode Copy number Cost, replacement price Koha item type
      Non-fiction Patel Nagar Patel Nagar 08/03/2017 DBAD/PUB 250.00 921 PAL EN-100974 1 250.00 English Books

© Delhi Public Library
Hit Counter
free hit counter